000 00802nas a2200265 4500
001 BR0003030
003 BR-BrBNA
005 20231205101913.0
007 ta
008 230509b bl.|||p| |||| 00| 00por d
040 _aBR-BrBNA
_bpor
_cBiblioteca Nacional de Agricultura
041 _a(Pt)
072 _aF30
100 1 _aSambatti, J.B.M.
100 1 _aMartins, P.S.
100 1 _aAndo, A.
245 1 _aDistribuicao da diversidade isoenzimatica e morfologica da mandioca na agricultura autoctone de Ubatuba
650 _aMandioca
650 _aFilogenia
650 _aConservacao
650 _aRecurso Genetico
773 0 _tScientia Agricola (Brazil)
_xISSN 0103-9016
_g(Jan-Mar 2000), v. 57(1) p. 75-80
_wBR0003030
909 _a202311
_bLúcia
_c55
_dLúcia Elande
942 _2AGRIS
_n0
_cANA
999 _c164620
_d164620